Mapping the Dynamics of the English and Slovak Language Development on an Example of an Economic Text in Translation diplomová práca

Guardado en:
Detalles Bibliográficos
Autor principal: Marasová, Mária
Autor Corporativo: Fakulta aplikovaných jazykov EU v Bratislave. Katedra jazykovedy a translatológie
Otros Autores: Vargová, Dominika, 1987-
Formato: Libro
Lenguaje:inglés
Publicado: Bratislava 2019
Etiquetas: Agregar Etiqueta
Sin Etiquetas, Sea el primero en etiquetar este registro!

MARC

LEADER 00000nbm a2200000 4500
001 0254713
005 20191106104409.6
041 0 |a eng 
044 |a SK 
245 1 0 |a Mapping the Dynamics of the English and Slovak Language Development on an Example of an Economic Text in Translation  |b diplomová práca  |c Mária Marasová ; školiteľ: Dominika Vargová 
264 1 |a Bratislava  |c 2019 
300 |a 132 s. 
100 1 |a Marasová, Mária 
700 1 |a Vargová, Dominika, 1987- 
710 2 |a Fakulta aplikovaných jazykov EU v Bratislave. Katedra jazykovedy a translatológie